Программируем для iPhone и iPad: пер. с англ.

Podrobná bibliografie
Hlavní autor: Пайлон Д. Дэн
Další autoři: Пайлон Т. Трейси
Shrnutí:С появлением iPhone мир изменился. Потом с появлением iPhone 4 он изменился снова. А теперь к iPhone добавился еще и революционный планшет iPad. Современные устройства на базе iOS используются в бизнесе и учебе, для работы и развлечений, и на Арр Store уже сейчас успешно работают десятки тысяч программистов и известных софтверных компаний. Представим, что у вас появилась гениальная идея приложения для iPhone и iPad. С чего начать? Эта книга поможет вам разработать свое первое приложение в самые кратчайшие сроки. Вы не только узнаете, как спроектировать приложение для устройств Apple и сделать его уникальным, но и в совершенстве овладеете принципами программирования на Objective-C и инструментами iPhone SDK, в том числе Interface Builder и Xcode. Apple предоставляет программное обеспечение, эта книга дает знания — от вас потребуется лишь энтузиазм и желание научиться разрабатывать оригинальные и коммерчески успешные приложения для iPhone и iPad. Особенностью данного издания является уникальный способ подачи материала, выделяющий серию «Head First* издатель­ства O'Reilly в ряду множества скучных книг, посвященных программированию.
Jazyk:ruština
Vydáno: СПб., Питер, 2012
Vydání:2-е изд.
Témata:
Médium: MixedMaterials Kniha
KOHA link:https://koha.lib.tpu.ru/cgi-bin/koha/opac-detail.pl?biblionumber=211741

MARC

LEADER 00000nam0a2200000 4500
001 211741
005 20231101225714.0
010 |a 9785459003758 
035 |a (RuTPU)RU\TPU\book\231317 
090 |a 211741 
100 |a 20120319d2012 km y0rusy50 ca 
101 1 |a rus  |c eng 
102 |a RU 
105 |a a z 000zy 
200 1 |a Программируем для iPhone и iPad  |e пер. с англ.  |f Д. Пайлон, Т. Пайлон 
205 |a 2-е изд. 
210 |a СПб.  |c Питер  |d 2012 
215 |a 624 с.  |c ил. 
330 |a С появлением iPhone мир изменился. Потом с появлением iPhone 4 он изменился снова. А теперь к iPhone добавился еще и революционный планшет iPad. Современные устройства на базе iOS используются в бизнесе и учебе, для работы и развлечений, и на Арр Store уже сейчас успешно работают десятки тысяч программистов и известных софтверных компаний. Представим, что у вас появилась гениальная идея приложения для iPhone и iPad. С чего начать? Эта книга поможет вам разработать свое первое приложение в самые кратчайшие сроки. Вы не только узнаете, как спроектировать приложение для устройств Apple и сделать его уникальным, но и в совершенстве овладеете принципами программирования на Objective-C и инструментами iPhone SDK, в том числе Interface Builder и Xcode. Apple предоставляет программное обеспечение, эта книга дает знания — от вас потребуется лишь энтузиазм и желание научиться разрабатывать оригинальные и коммерчески успешные приложения для iPhone и iPad. Особенностью данного издания является уникальный способ подачи материала, выделяющий серию «Head First* издатель­ства O'Reilly в ряду множества скучных книг, посвященных программированию. 
606 1 |a Персональные ЭВМ планшетные  |2 stltpush  |3 (RuTPU)RU\TPU\subj\71631  |9 85447 
606 1 |a Мобильная связь  |2 stltpush  |3 (RuTPU)RU\TPU\subj\58935  |9 76617 
610 1 |a iPad 
610 1 |a iPhone 
610 1 |a айфоны 
610 1 |a планшеты 
610 1 |a программное обеспечение 
610 1 |a мобильные приложения 
610 1 |a разработка 
675 |a 004.382.7  |v 4 
675 |a 621.395.7  |v 3 
700 1 |a Пайлон  |b Д.  |g Дэн 
701 1 |a Пайлон  |b Т.  |g Трейси 
801 1 |a RU  |b 63413507  |c 20120319 
801 2 |a RU  |b 63413507  |c 20150428  |g RCR 
942 |c BK 
959 |a 29/20120215  |d 1  |e 550,00  |f ЧЗТЛ:1